| 000 | 00537nam a2200181Ia 4500 | ||
|---|---|---|---|
| 008 | 240729s9999 xx 000 0 und d | ||
| 022 | _a2054-930X | ||
| 245 | 0 | _aJournal of the European Mosquito Control Association | |
| 260 | _aNetherlands | ||
| 260 | _bWageningen Academic Publishers | ||
| 650 | _a Infectious and parasitic diseases | Science | ||
| 650 | _a Internal medicine | ||
| 650 | _a Zoology | ||
| 650 | _aMedicine | ||
| 856 | _uhttps://doaj.org/toc/dff4f253a43c4cc28b4a3312257ab1f4 | ||
| 942 | _2ddc | ||
| 942 | _cDOAJEJ | ||
| 999 |
_c69666 _d69666 |
||
| 945 |
_a1 _bMadushi Gamage _c1 _dMadushi Gamage |
||